00786nam a2200193 i 4500001000700000003000900007005001700016008004100033080002000074100003300094245007100127260011000198300002500308490004500333530003500378830004500413852002100458856011300479168228ES-MaACL20231229063055.0921005s1868 sp |||| | spa d a821.134.2-1"18"1 aZorrilla, José,d1817-189314aLas almas enamoradas b: leyenda en verso / cpor José Zorrilla. aBarcelona : bAdministración: Ronda del Norte, número 128 : bLibr. de Antonio de San Martin, c1868. a218, 6 p. ; c16 cm.1 aBiblioteca de Manero. Seccion recreativa aDisponible en formato digital.0 aBiblioteca de Manero. Seccion recreativa aES-MaACLjD-1881 uhttp://bibliotecadigital.jcyl.es/i18n/consulta/registro.cmd?id=2294zBiblioteca Digital de Castilla y León